| 000 | 00426nam a2200169 4500 | ||
|---|---|---|---|
| 003 | BD-RjUL | ||
| 005 | 20250727113851.0 | ||
| 008 | 250727b |||||||| |||| 00| 0 eng d | ||
| 035 | _a(BD-RjUL) | ||
| 040 |
_aBD-RjUL _beng _cBD-RjUL |
||
| 041 | _aper | ||
| 082 |
_223 _a492.7 _bKHA 19?? |
||
| 245 | 1 | 0 | _aخزانة العلم. Khizānat al-ʻilm / |
| 300 |
_a652 p. ; _c27 cm |
||
| 650 | _aPersian language | ||
| 942 |
_2ddc _cBK |
||
| 999 |
_c85325 _d85325 |
||